000
00291nam a22001337a 4500
008
170712b xxu||||| |||| 00| 0 eng d
020
_a
0444008071
041
_a
eng
080
_a
038
100
_a
23
101
_a
FJA
245
_a
ABBREVIATIONS DICTIONARY
_c
DESOLA.R
942
_2
udc
_c
BK
999
_c
20368
_d
20368